000 00711nam a2200181 i 4500
001 59835
003 ES-MaACL
007 t|
008 031031s1948 ag ||||1| spa d
100 1 _aEngle, T. Earl.
_947235
245 1 0 _aDiagnóstico y tratamiento de la estirilidad humana
_b: conferencias /
_cT. Earl Engle ; colaboradores: William H. Cary ... [et al.] ; traducido por José Enrique Mosquera y Luis Máximo Becú.
260 _aBuenos Aires :
_bA. Bini y Cia,
_c1948 (
_fFerrari Hnos.)
300 _a264 p., 12 lám. :
_bil. ;
_c23 cm.
700 1 _aCary, William H.
_935979
700 1 _aMosquera, José Enrique.
_983780
700 1 _aBecú, Luis Máximo.
_926982
852 _aES-MaACL
_jE-1635
_bR.28619
999 _c59835
_d59835